Candace perde a cabeça (Registo nº 33255)

Detalhes MARC
000 -Etiqueta do registo
Valores 00584nam a2200217 4500
010 ## - Número ISBN
ISBN 9789722044110
021 ## - Número do Depósito Legal
-- PT
Número 322959/11
090 ## -
-- 33255
100 ## - Dados gerais de processamento
Dados gerais 20210205 frey50
101 ## - Língua de publicação
-- por
102 ## - País de publicação
-- PT
200 ## - Titulo e menção de responsabilidade
Título próprio Candace perde a cabeça
Primeira menção de responsabilidade adap. Helena Mayer
Outras menções de responsabilidade trad. Rita Almeida Simões
205 ## - Menção da edição
Edição 1ª. ed.
210 ## - Publicação
Local de publicação Alfragide
Nome do editor Dom Quixote
Data de publicação 2011
215 ## - Descrição física 
Paginação / Volumes 109 p.
Outras indicações físicas il.
Dimensões 21 cm
225 ## - Colecção 
Título próprio da colecção Phineas & Ferb
Número de parte ou secção 3
700 ## - Autor principal (pessoa individual)
-- 010
ID Autoridade 4774
Apelido Mayer
Nome Helena
702 ## - Autor secundário (pessoa individual)
-- 730
ID Autoridade 4775
Apelido Simões
Nome Rita Almeida
801 ## - Fonte de origem
País PT
Regras de catalogação RPC
990 ## - Elementos KOHA
Tipo de documento Livro
Exemplares
Situação do levantamento Estado Biblioteca de origem Biblioteca de empréstimo Código de barras Cota Permissão de empréstimo Tipo de documento Nota relativa ao exemplar
  Completo Biblioteca Municipal de Viana Do Alentejo Biblioteca Municipal de Viana Do Alentejo 0032930 8 CAN Disponível Livro DOS 6 AOS 10 ANOS




Powered by Koha